[Event "SWE-ch"]
[Site "Linkoping"]
[Date "2001.07.09"]
[Round "8"]
[White "Hillarp Persson, Tiger"]
[Black "Couso, Luis"]
[Result "1/2-1/2"]
[WhiteElo "2438"]
[BlackElo "2324"]
[Annotator "Ziegler,A"]
[PlyCount "95"]
[EventDate "2001.06.30"]
[EventType "tourn"]
[EventRounds "13"]
[EventCountry "SWE"]
[EventCategory "8"]
[SourceTitle "CBM 085"]
[Source "ChessBase"]
[SourceDate "2001.11.13"]
[SourceVersion "1"]
[SourceVersionDate "2001.11.13"]
[SourceQuality "1"]

1. c4 Nf6 2. Nc3 e5 3. Nf3 Nc6 4. d3 d6 5. g3 g6 6. Bg2 Bg7 7. Rb1 a5 8. O-O
O-O 9. a3 Re8 ({Lite bättre är} 9... h6 {Vits dominans på de vita fälten i
centrum blir väldigt tydlig när han tillåts byta bort svartfältaren mot
f6-springaren.}) 10. Bg5 h6 11. Bxf6 Bxf6 12. b4 axb4 13. axb4 Bg7 14. b5 Nd4
15. Nxd4 exd4 16. Nd5 {[#] Vit har kommit ur öppningen med det bättre spelet.
Svarts problem är att han inte har några starka planer till sitt förfogande.
Vit hotar just nu b6.} Ra2 17. Re1 h5 (17... b6 {Hade bemötts av:} 18. Ra1 {
och därefter angrepp mot c7 via a7. Om springren hotas av löparen backar den
till b4. Om man vill förstå ställingstypen bättre rekommenderas de tre
partierna i slutet Sicilianskt som uppkom i envigen mellan Spasskij och Geller.
}) 18. Ra1 ({Vit kunde även smugit sig in på a-linjen med:} 18. Nb4 Ra3 19. Qc1
Ra8 20. Qd2 {Och härnäst kommer Ta1. Svart måste söka aktivitet. En skiss:} h4
21. Ra1 Rxa1 22. Rxa1 Bg4 23. Bf3 Bxf3 24. exf3 Qf6 25. f4 Qe6 26. Nd5 {
Löparen får svårt att hitta på något meningsfullt. Springaren kommer i lugn
och ro att trycka på svarts bönder tillsammans med tornet.}) 18... Rxa1 19.
Qxa1 c6 20. bxc6 ({Vit skulle kanske hållt i trycket mot c6 och b7 med:} 20.
Nf4 {Med b-bonden borta blir svarts försvar mer kompakt och därmed även mer
lättskött.}) 20... bxc6 21. Nb4 c5 22. Nd5 h4 23. Bf3 Be6 24. Nf4 Bh6 25. Nxe6
Rxe6 {Resten av partiet blir ett evigt manövrerande från vits sida för att
försöka hitta ett hål i svarts försvar.} 26. Rb1 Kg7 27. Qa7 Qg5 28. Kg2 Qf5
29. g4 Qf4 30. Rb7 Rf6 31. Rb8 Kh7 32. Qe7 Bg7 33. Rc8 Qc1 34. h3 Qf4 {Vit
strävar efter att sätta svart i dragtvång, men svart kan alltid flytta löparen
eller kungen.} 35. Re8 Bh6 36. Qd8 Bg7 37. Re4 Qg5 38. Re8 Qf4 39. Qe7 Bh6 40.
Rd8 Bg7 41. Qe4 Qxe4 42. Bxe4 Bh6 43. Bd5 Bd2 {[#]Svart är tydlig. Tänk inte
ens på att föra över kungen till min damflygel.} 44. Rd7 Kg7 45. Kf1 Kf8 46.
Ra7 Kg7 47. Rb7 Kf8 48. Ra7 1/2-1/2